Lagunas de estabilización

Enregistré dans:
Détails bibliographiques
Collectivité auteur: Universidad de Buenos Aires (Auteur)
Format: Livre
Langue:espagnol
Publié: Buenos Aires Universidad de Buenos Aires 1971
Sujets:
Tags: Ajouter un tag
Pas de tags, Soyez le premier à ajouter un tag!

MARC

LEADER 00000nam a2200000 a 4500
001 UCP1763
003 CL-VaPUC
008 990426e19710000AG |||||||||||||||||spa|d
082 0 4 |a 628.3  |b UNI  |2 21 
110 2 |a Universidad de Buenos Aires  |e author  |9 427973 
245 1 0 |a Lagunas de estabilización 
300 |a 136 p 
942 |c BK 
945 |d 19990426 00:00:00  |a rbrito 
260 |a Buenos Aires  |b Universidad de Buenos Aires  |c 1971 
650 0 |a Tratamiento de aguas  |9 262792 
650 0 |a Vertederos  |9 332055 
650 0 |a Aguas servidas  |9 261486 
650 0 |a Alcantarillado   |9 260369 
650 7 |a INGENIERIA SANITARIA  |2 CL-VaPUC  |9 262866 
583 |a last modification  |c 19990426 00:00:00  |k Rodrigo Vera 
999 |c 280404  |d 280402